Echeverría rompe el silencio (Record no. 148831)

MARC details
000 -LEADER
campo de control de longitud fija 00668nam a2200205 i 4500
001 - NÚMERO DE CONTROL
campo de control 148831
003 - IDENTIFICADOR DE NÚMERO DE CONTROL
campo de control ES-MaACL
005 - FECHA Y HORA DE LA ÚLTIMA TRANSACCIÓN
campo de control 20250821110903.0
007 - CAMPO FIJO DE DESCRIPCIÓN FÍSICA--INFORMACIÓN GENERAL
campo de control de longitud fija t|
008 - DATOS DE LONGITUD FIJA--INFORMACIÓN GENERAL
campo de control de longitud fija 070214s1979 mx r ||||1| spa d
100 1# - ENTRADA PRINCIPAL--NOMBRE DE PERSONA
Nombre de persona Suárez, Luis,
Fechas asociadas al nombre 1918-2003
9 (RLIN) 142241
245 10 - MENCIÓN DEL TÍTULO
Título Echeverría rompe el silencio
Resto del título : (Vendaval del sistema) /
Mención de responsabilidad, etc. Luis Suárez.
250 ## - MENCION DE EDICION
Mención de edición [1ª ed.].
260 ## - PUBLICACIÓN, DISTRIBUCIÓN, ETC.
Lugar de publicación, distribución, etc. México [etc.] :
Nombre del editor, distribuidor, etc. Grijalbo,
Fecha de publicación, distribución, etc. [1979] (
Fabricante Sol)
300 ## - DESCRIPCIÓN FÍSICA
Extensión 243 p. :
Otras características físicas il. ;
Dimensiones 23 cm.
600 17 - PUNTO DE ACCESO ADICIONAL DE MATERIA--NOMBRE DE PERSONA
Nombre de persona Echeverría, Luis,
Fechas asociadas al nombre 1922-
Fuente del encabezamiento o término
9 (RLIN) 169063
651 #4 - PUNTO DE ACCESO ADICIONAL DE MATERIA--NOMBRE GEOGRÁFICO
Nombre geográfico México-
Subdivisión general Política y gobierno-
Subdivisión cronológica 1970-1988.
9 (RLIN) 9072
852 ## - LOCALIZACIÓN
Ubicación ES-MaACL
Número de control de estantería L-919
Sublocalización o colección R.101618
Holdings
Estatus retirado Estado de pérdida Estado de daño No para préstamo Biblioteca de origen Biblioteca actual Ubicación en estantería Fecha de adquisición Fuente de adquisición Total de préstamos Signatura topográfica completa Código de barras Visto por última vez Precio de reemplazo Tipo de ítem Koha
        Biblioteca del Ateneo de Madrid Biblioteca del Ateneo de Madrid Depósito 2 17/01/2008     L-919 1155313 23/02/2023 23/02/2023 Libro impreso